Materials for sustainable energy : (رقم التسجيلة. 32423)

تفاصيل مارك
000 -الفاتح
حقل البيانات ثابتة الطول 01199cam a2200301 a 4500
001 - رقم الضبط
رقم الضبط 16428938
003 - محدد رقم الضبط
رقم الضبط OSt
005 - وقت وتاريخ اخر تعامل مع التسجيلة
رقم الضبط 20150408114156.0
008 - عناصر البيانات ثابتة الطول - معلومات عامة
حقل البيانات ثابتة الطول 100823s2011 njua b 000 0 eng
010 ## - رقم ضبط مكتبة الكونجرس
رقم ضبط مكتبة الكونجرس 2010033305
020 ## - الرقم الدولى المعيارى للكتب
الرقم الدولى المعيارى للكتاب 9789814317641 (hardcover)
020 ## - الرقم الدولى المعيارى للكتب
الرقم الدولى المعيارى للكتاب 9814317640 (hardcover)
020 ## - الرقم الدولى المعيارى للكتب
الرقم الدولى المعيارى للكتاب 9789814317658 (paperback)
020 ## - الرقم الدولى المعيارى للكتب
الرقم الدولى المعيارى للكتاب 9814317659 (paperback)
040 ## - مصدر الفهرسة
وكالة الفهرسة الأصلية DLC
وكالة النسخ DLC
وكالة التعديل DLC
050 00 - رقم طلب مكتبة الكونجرس
رقم التصنيف TJ163.3
رقم المادة .M385 2011
082 00 - رقم تصنيف ديوى العشرى
رقم التصنيف 621.042
رقم الطبعة 22
رقم المادة MAS
245 00 - بيان العنوان
العنوان Materials for sustainable energy :
بقية العنوان a collection of peer-reviewed research and review articles from Nature Publishing Group /
بيان المسئوليه,etc edited by Vincent Dusastre ; with an Introduction by Jean-Marie Tarascon and Michael Gr�atzel.
260 ## - PUBLICATION, DISTRIBUTION, ETC. (IMPRINT)
مكان الناشر او الموزع Hackensack, NJ :
اسم الناشر او الموزع World Scientific :
-- Nature Pub. Group,
تاريخ النشر أو التوزيع 2011.
300 ## - الوصف المادى
التعداد xxvii, 331 p. :
تفاصيل ماديه اخرى للوعاء ill. (some col.) ;
أبعاد الوعاء 29 cm.
504 ## - تبصرة ببليوجرافية
تبصرة ببليوجرافية,الخ Includes bibliographical references.
650 #0 - المدخل الاضافى بالموضوع-مصطلح موضوعى
مصطلح موضوعي أو اسم جغرافي كعنصر مدخل Energy conservation
التقسيم الفرعي العام Equipment and supplies.
9 (RLIN) 40657
650 #0 - المدخل الاضافى بالموضوع-مصطلح موضوعى
مصطلح موضوعي أو اسم جغرافي كعنصر مدخل Sustainable engineering
التقسيم الفرعي العام Materials.
9 (RLIN) 40658
700 1# - المدخل الاضافى - اسم شخصى
الإسم الشخصى Dusastre, Vincent.
9 (RLIN) 40659
906 ## - عنصر بيانات محلى F, LDF (RLIN)
a 7
b cbc
c orignew
d 1
e ecip
f 20
g y-gencatlg
942 ## - عناصر المدخل الإضافي( كوها)
مصدر التصنيف او مخطط الترفيف Dewey Decimal Classification
Koha [default] item type DVD
المقتنيات
حالة الفقد نموذج السعر الفعال حالة تلف ليس للاعارة رقم الطلب تاريخ الاكتساب الموقع الحالي الفرع الرئيسي Date last seen نوع المادة فى نظام كوها مصدر التصنيف او خطة الترفيف Total Checkouts
  2013-11-18     621.042 MAS 2013-11-18 المكتبة المركزية بالمجمعة (CL) المكتبة المركزية بالمجمعة (CL) 2013-11-18 كتاب Dewey Decimal Classification